| 000 | 00442cam a2200181ua 4500 | ||
|---|---|---|---|
| 020 | _cRs 3.25 | ||
| 041 |
_amal _h |
||
| 082 |
_ap _bCHA/BH |
||
| 100 | _aChacko, K C . | ||
| 245 |
_aBhinna Samskarangaliloode / _cK C Chacko. _hTextual Documents |
||
| 260 |
_aThiruvananthapuram : _bS R Book Depot , _c1969. |
||
| 300 | _a196 ; . | ||
| 365 | _aRs 3.25 | ||
| 504 | _a | ||
| 650 | _aTravelogue | ||
| 942 | _cBK | ||
| 999 |
_c529 _d529 |
||